[Event "Chigorin Memorial 31st"]
[Site "St Petersburg"]
[Date "2024.10.29"]
[Round "4"]
[White "Kirichek, Viktor"]
[Black "Sakovich, Luka"]
[Result "0-1"]
[WhiteElo "1697"]
[BlackElo "1869"]
[PlyCount "62"]
[EventDate "2024.10.26"]
[EventType "swiss"]
[EventRounds "9"]
[EventCountry "RUS"]
[SourceTitle "CB45_2024"]
[Source "ChessBase"]
[SourceDate "2024.11.06"]
[SourceVersion "1"]
[SourceVersionDate "2024.11.06"]
[SourceQuality "1"]

1. d4 d5 2. c4 e6 3. Nc3 Nf6 4. cxd5 exd5 5. Bg5 Nbd7 6. e3 Be7 7. Bd3 b6 8. Nf3 Bb7 9. Qc2 c5 10. 0-0 0-0 11. Ne5 cxd4 12. Nxd7 Qxd7 13. Bxf6 Bxf6 14. Bxh7+ Kh8 15. Bf5 Qc7 16. exd4 g6 17. Bg4 Bxd4 18. Qd2 Bg7 19. Bf3 d4 20. Nb5 Qd7 21. Be2 Rfe8 22. Bd3 Re5 23. Qf4 Rxb5 24. Bxb5 Qxb5 25. Qxf7 Qc6 26. f3 Rf8 27. Qe7 Ba6 28. Rfc1 Qf6 29. Qxa7 Be2 30. Rc7 d3 31. Re7 Qxb2 0-1

[Event "Chigorin Memorial Blitz 31st"]
[Site "St Petersburg"]
[Date "2024.10.25"]
[Round "1"]
[White "Zaitsev, Mikhail"]
[Black "Kirichek, Viktor"]
[Result "1-0"]
[WhiteElo "2417"]
[BlackElo "1697"]
[PlyCount "119"]
[EventDate "2024.10.25"]
[EventType "swiss (blitz)"]
[EventRounds "11"]
[EventCountry "RUS"]
[SourceTitle "CB44_2024"]
[Source "Chessbase"]
[SourceDate "2024.10.30"]
[SourceVersion "1"]
[SourceVersionDate "2024.10.30"]
[SourceQuality "1"]

1. e4 c5 2. c3 d5 3. exd5 Nf6 4. d4 Nxd5 5. Nf3 e6 6. Bd3 Nc6 7. a3 cxd4 8. cxd4 Bd6 9. 0-0 0-0 10. Nc3 Nce7 11. Ne4 Bf4 12. Re1 Bd7 13. Ne5 Nc6 14. Nxd7 Qxd7 15. Nc5 Qc7 16. g3 Bd6 17. Be4 Bxc5 18. dxc5 Rad8 19. Qc2 Nf6 20. Bg2 Nd4 21. Qc4 Rc8 22. b4 Nf5 23. Bf4 Qe7 24. Qe4 g6 25. Qxb7 Qxb7 26. Bxb7 Rcd8 27. Rad1 Nd5 28. Bxd5 Rxd5 29. Rxd5 exd5 30. Kg2 Rd8 31. c6 d4 32. g4 Ng7 33. c7 Rc8 34. Be5 Ne6 35. Rd1 Kf8 36. f4 Ke7 37. f5 Nxc7 38. Rc1 Kd7 39. Bxd4 Nb5 40. Rxc8 Kxc8 41. Bb2 Nd6 42. Kf3 Kd7 43. Kf4 Nc4 44. Bc1 Ke7 45. Ke4 Nd6+ 46. Ke5 f6+ 47. Kf4 gxf5 48. gxf5 Nf7 49. b5 Ne5 50. Be3 Kd7 51. Bxa7 Nc4 52. Bc5 Nb2 53. Ke4 Na4 54. Kd4 Nb2 55. Kc3 Nd1+ 56. Kb4 Kc7 57. a4 Nb2 58. Bd4 Nd3+ 59. Kc4 Nf4 60. Bxf6 1-0

[Event "St Petersburg Korchnoi Memorial op"]
[Site "St Petersburg"]
[Date "2024.08.17"]
[Round "2"]
[White "Rubel, Yana"]
[Black "Kirichek, Viktor"]
[Result "0-1"]
[WhiteElo "1023"]
[BlackElo "1689"]
[PlyCount "100"]
[EventDate "2024.08.17"]
[EventType "swiss"]
[EventRounds "9"]
[EventCountry "RUS"]
[SourceTitle "CBM 221 Extra"]
[Source "ChessBase"]
[SourceDate "2024.09.30"]
[SourceVersion "1"]
[SourceVersionDate "2024.09.30"]
[SourceQuality "1"]

1. e4 c5 2. Nf3 d6 3. Bb5+ Bd7 4. Bxd7+ Qxd7 5. 0-0 Nf6 6. Nc3 g6 7. h3 Bg7 8. d3 0-0 9. Re1 Nc6 10. a3 a6 11. Bg5 e6 12. Qc1 Rfe8 13. Bh6 Bh8 14. Na4 Rad8 15. Nb6 Qc7 16. Nc4 d5 17. Ncd2 b5 18. Bg5 Rc8 19. e5 Nd7 20. a4 Ndxe5 21. Bf4 Nxf3+ 22. Nxf3 Qb7 23. Ne5 Nxe5 24. Bxe5 Bxe5 25. Rxe5 b4 26. c4 bxc3 27. bxc3 Rb8 28. c4 f6 29. Re1 d4 30. Rb1 Qc6 31. Rxb8 Rxb8 32. Qf4 e5 33. Qe4 Qxe4 34. Rxe4 Rb3 35. f4 exf4 36. Rxf4 Kf7 37. Rf3 Ra3 38. g4 Rxa4 39. g5 f5 40. h4 Ra1+ 41. Kg2 a5 42. h5 a4 43. hxg6+ hxg6 44. Rh3 a3 45. Kf3 a2 46. Rh2 Rf1+ 47. Rf2 a1Q 48. Rxf1 Qxf1+ 49. Kg3 Qe2 50. Kf4 Qe3# 0-1

[Event "Chigorin Memorial Blitz 30th"]
[Site "St Petersburg"]
[Date "2023.10.20"]
[Round "1"]
[White "Kirichek, Viktor"]
[Black "Amonatov, Farrukh"]
[Result "0-1"]
[WhiteElo "1263"]
[BlackElo "2598"]
[PlyCount "64"]
[EventDate "2023.10.20"]
[EventType "swiss (blitz)"]
[EventRounds "11"]
[EventCountry "RUS"]
[SourceTitle "CBM 216 Extra"]
[Source "ChessBase"]
[SourceDate "2023.11.30"]
[SourceVersion "1"]
[SourceVersionDate "2023.11.30"]
[SourceQuality "1"]

1. d4 Nf6 2. c4 g6 3. Nc3 Bg7 4. e4 d6 5. f4 0-0 6. Nf3 e5 7. fxe5 dxe5 8. d5 c6 9. Be2 cxd5 10. cxd5 Ne8 11. 0-0 Nd6 12. Bg5 f6 13. Bh4 Qa5 14. Qd3 Bg4 15. h3 Bxf3 16. gxf3 Nd7 17. Rfc1 Bh6 18. Rcb1 Rac8 19. b4 Qc7 20. Rb3 f5 21. Bf2 Nf6 22. Be3 Bxe3+ 23. Qxe3 Nh5 24. Rf1 Nf4 25. Kh2 Qe7 26. Qf2 fxe4 27. Nxe4 Nxe4 28. fxe4 Rc2 29. Re3 Nxe2 30. Rxe2 Rxf2+ 31. Rfxf2 Rxe2 32. Rxe2 Qxb4 0-1